000 00424nam a2200145Ia 4500
008 130318s9999 xx 000 0 und d
020 _a875846556
082 _a658.4038 DAV/W
100 _aDavenport, Thomas H
245 _aWorking knowledge: How organizations manage what they know
260 _bHarvard Business School Press
_aBoston
_c1998
300 _a199
650 _aKNOWLEDGE MANAGEMENT
700 _aPrusak, Laurence
999 _c378
_d378